| 000 | 00343nam a2200133Ia 4500 | ||
|---|---|---|---|
| 005 | 20251222141935.0 | ||
| 008 | 251222s9999||||xx |||||||||||||| ||spa|| | ||
| 020 | _a9972-57-078-9 | ||
| 082 | _a382.92/M61 | ||
| 100 | _aMindreau Montero, Manuel | ||
| 245 | 0 | _aDel Gatt a la OMC (1947-2005): | |
| 264 | _bUniversidad del PacĂfico | ||
| 942 | _cLIB | ||
| 999 |
_c9165 _d9165 |
||